| Tag |
First Indicator |
Second Indicator |
Subfields |
| LEADER |
00000cam a2200000 a 4500 |
| 001 |
in00000013360 |
| 005 |
20151007052405.0 |
| 008 |
871112s1987 gw a 00010 ger d |
| 020 |
|
|
|a 3518114212
|
| 035 |
|
|
|a (OCoLC)16972146
|
| 035 |
|
|
|9 AAA7578AM
|
| 040 |
|
|
|a MUU
|c MUU
|d OCL
|d TXA
|d UtOrBLW
|
| 049 |
|
|
|a TXAM
|c [A12643992]
|
| 050 |
|
4 |
|a PT2625.A95
|b M32 1987
|
| 100 |
1 |
|
|a Mayröcker, Friederike,
|d 1924-
|
| 245 |
1 |
0 |
|a Magische Blätter II /
|c Friederike Mayröcker.
|
| 250 |
|
|
|a 1. Aufl.
|
| 264 |
|
1 |
|a Frankfurt am Main :
|b Suhrkamp,
|c 1987.
|
| 300 |
|
|
|a 204 pages :
|b illustrations ;
|c 18 cm.
|
| 336 |
|
|
|a text
|b txt
|2 rdacontent
|
| 337 |
|
|
|a unmediated
|b n
|2 rdamedia
|
| 338 |
|
|
|a volume
|b nc
|2 rdacarrier
|
| 490 |
0 |
|
|a Edition Suhrkamp ;
|v 1421. Neue Folge ; Bd. 421
|
| 999 |
|
|
|a MARS
|
| 999 |
f |
f |
|s 80ea0eba-0d19-30aa-9c40-e160bfbd17dd
|i c3794dd7-8ce9-3021-a3f2-c9108b1113b9
|t 0
|
| 952 |
f |
f |
|p ric
|a Texas A&M University
|b Rellis Campus
|c Joint Library Facility
|d Remote Storage
|t 0
|e PT2625.A95 M32 1987
|h Library of Congress classification
|i unmediated -- volume
|m A14812643992
|
| 998 |
f |
f |
|a PT2625.A95 M32 1987
|t 0
|l Remote Storage
|